000 01022cam a2200289 a 4500
001 12706037
003 OSt
005 20231206151907.0
008 020315s2001 si b 001 0 eng d
010 _a 2002278985
020 _a9810238487
020 _a9810238495 (pbk)
035 _a(OCoLC)ocm48060675
040 _aVYF
_cVYF
_dDLC
042 _alccopycat
050 0 0 _aHB75
_b.C2478 2001
082 _a330.09
_bCAN/B
100 1 _aCanterbery, E. Ray
_910074
245 1 2 _aA brief history of economics :
_bartful approaches to the dismal science /
_cE Ray Canterbery.
260 _aSingapore ;
_aRiver Edge, NJ :
_bWorld Scientific,
_cc2001.
300 _axvii, 481 p. ;
_c23 cm.
504 _aIncludes bibliographical references (p. 441-458) and index.
650 0 _aEconomics
_xHistory.
906 _a7
_bcbc
_ccopycat
_d2
_encip
_f20
_gy-gencatlg
942 _2ddc
_cBK
_h330.09
_iCAN/B
_k330.09
_mCAN/B
999 _c43762
_d43762